Holubyho chata

Pohľad na zasneženú chatu

Bibliographic Details
Other Authors: Uher (fotograf) (Photographer)
Format: Postcard
Language:Slovak
PhysicalDescription:1 pohľadnica čiernobiela 11x15 cm
Published: [Bratislava] VPL 1963
Subjects:

MARC

LEADER 00000nkm a2200000 a 4500
001 vtls011700123
003 SK-MaSNL
005 20260512125225.0
007 kp bo
008 231206s1963 xo g 00 kuslo
015 |a SNBG 
040 |a SNK  |b slo  |c SNK  |e AACR2 
041 0 |a slo 
043 |a e-xo--- 
044 |a xo  |c SK 
080 |a 908(437.6)  |2 2011 
080 |a (084.121)  |2 2011 
080 |a 728.61  |2 2011 
100 1 |a Uher  |c (fotograf)  |4 pht  |9 172498 
245 1 0 |a Holubyho chata  |h grafika  |c Foto Uher 
260 |a [Bratislava]  |b VPL  |c 1963 
300 |a 1 pohľadnica  |b čiernobiela  |c 11x15 cm 
520 8 |a Pohľad na zasneženú chatu 
650 0 7 |a chaty  |2 SNKPH  |9 29339 
651 7 |a Biele Karpaty (Česko a Slovensko : pohorie)  |2 SNKPH  |9 102961 
651 7 |a Veľká Javorina (Biele Karpaty, Česko a Slovensko : vrch)  |2 SNKPH  |9 17923 
655 7 |a miestne pohľadnice  |2 SNKPH  |9 70510 
958 |a GC 
958 |a GBN 
958 |a OND 
999 |c 1022944  |d 1024874 
952 |a SNK  |b SNK  |y PREZ  |7 0  |p 17A1275287  |o snkSP 45712  |0 0  |1 0  |4 0  |d 2017-06-30  |f 1  |l 0  |r 2026-02-24 13:29:43  |w 2026-02-24 
952 |a SNK  |b SNK  |y PREZ  |7 0  |p 17A1275186  |o snkSP 45712 D1  |0 0  |1 0  |4 0  |d 2017-06-30  |l 0  |r 2026-02-24 13:29:43  |w 2026-02-24